Process innovation: reengineering work through information technology

Đã lưu trong:
Chi tiết về thư mục
Tác giả chính: Davenport, Thomas H (Tác giả)
Định dạng: Sách
Ngôn ngữ:Tiếng Anh
Được phát hành: Boston Harvard Business School Press 1993
Những chủ đề:
Các nhãn: Thêm thẻ
Không có thẻ, Là người đầu tiên thẻ bản ghi này!

MARC

LEADER 00000nam a2200000 a 4500
001 UCY1485
003 CL-VaPUC
008 940905e19930000US |||||||||||||||||eng|d
082 0 4 |a 658.406  |b DAV  |2 21 
100 0 |a Davenport, Thomas H  |e author  |9 329489 
245 1 0 |a Process innovation: reengineering work through information technology 
300 |a 337 p 
942 |c BK 
945 |d 19940905 00:00:00  |a mfernand 
260 |a Boston  |b Harvard Business School Press  |c 1993 
650 0 |a Cambio organizacional   |9 260741 
650 7 |a INNOVACIONES TECNOLOGICAS  |2 CL-VaPUC  |9 329490 
650 7 |a INGENIERIA DE LA PRODUCCION  |2 CL-VaPUC  |9 262727 
583 |a last modification  |c 19940905 00:00:00  |k Rodrigo Vera 
999 |c 230177  |d 230175 
952 |0 0  |1 0  |4 0  |6 658_406000000000000_DAV_1993  |7 0  |8 A  |9 232220  |a BIBING  |b BIBING  |d 2019-11-15  |i 3017796  |o 658.406 DAV 1993  |p 3017796  |r 2025-01-20  |w 2019-11-15  |y BK  |k EII